[Event "SRB-chT3 West"]
[Site "Serbia"]
[Date "2010.09.19"]
[Round "2"]
[White "Radovanovic B, Miroljub"]
[Black "Jovanovic, Zoran4444"]
[Result "0-1"]
[WhiteElo "2047"]
[BlackElo "2090"]
[PlyCount "104"]
[EventDate "2010.09.12"]
[EventType "team"]
[EventRounds "11"]
[EventCountry "SRB"]
[SourceTitle "EXT 2012"]
[Source "ChessBase"]
[SourceDate "2011.11.24"]
[SourceVersion "1"]
[SourceVersionDate "2011.11.24"]
[SourceQuality "1"]

1. e4 e6 2. d4 d5 3. Nc3 Nf6 4. Bg5 Be7 5. e5 Nfd7 6. Bxe7 Qxe7 7. Nb5 Nb6 8. Qd2 a6 9. Na3 c5 10. c3 Nc6 11. Nf3 Nd7 12. Bd3 b5 13. Nc2 cxd4 14. cxd4 Nb6 15. b3 Bd7 16. 0-0 h6 17. Rac1 0-0 18. Ne3 Qb4 19. Qb2 Nc4 20. Qe2 Na3 21. Rfd1 Kh8 22. Nc2 Nxc2 23. Bxc2 Qe7 24. Qd3 g6 25. Bb1 Rfc8 26. h4 Kg7 27. Rc5 Nb4 28. Qc3 a5 29. a3 Rxc5 30. dxc5 Nc6 31. Qe3 b4 32. a4 Rc8 33. Rc1 Be8 34. h5 Rd8 35. Nd4 Qh4 36. Nxc6 Bxc6 37. hxg6 fxg6 38. Bd3 Qe7 39. Qd4 Rc8 40. Qg4 Qf7 41. f3 Be8 42. Kf2 Rc7 43. Bb5 Bc6 44. g3 Qe8 45. Bxc6 Qxc6 46. Ke3 Rf7 47. Kd4 h5 48. Qg5 Rxf3 49. Qe7+ Kh6 50. Re1 Qa6 51. Re3 Qf1 52. Rxf3 Qxf3 0-1